[Event "Madrid-ch Previa-A"]
[Site "Madrid"]
[Date "2020.02.17"]
[Round "7"]
[White "Maseda Iglesias, Luis"]
[Black "Vinas Lopez, Carlos"]
[Result "1/2-1/2"]
[WhiteElo "1735"]
[BlackElo "1876"]
[PlyCount "52"]
[EventDate "2020.02.03"]
[EventType "swiss"]
[EventRounds "9"]
[EventCountry "ESP"]
[SourceTitle "EXT 2021"]
[Source "ChessBase"]
[SourceDate "2020.10.23"]
[SourceVersion "1"]
[SourceVersionDate "2020.10.23"]
[SourceQuality "1"]

1. d4 Nf6 2. Nf3 c5 3. e3 b6 4. Bd3 Bb7 5. 0-0 e6 6. Nbd2 Be7 7. b3 cxd4 8. exd4 0-0 9. Qe2 d6 10. Bb2 Nbd7 11. Rfe1 Re8 12. c4 Bf8 13. Rac1 a6 14. h3 b5 15. Bb1 b4 16. Qd3 a5 17. Re3 Qb6 18. Rce1 g6 19. R3e2 Bg7 20. Qe3 Rec8 21. Rc1 Rc7 22. Ree1 Rac8 23. Rc2 Qa7 24. Rec1 Qa8 25. Re1 Qa7 26. Rec1 Qa8 1/2-1/2

[Event "Benidorm op U2000 11th"]
[Site "Benidorm"]
[Date "2012.11.30"]
[Round "1"]
[White "Blanco Andonegi, Juan Antonio"]
[Black "Maseda Iglesias, Luis"]
[Result "1-0"]
[WhiteElo "1963"]
[BlackElo "1741"]
[PlyCount "45"]
[EventDate "2012.11.30"]
[EventType "swiss"]
[EventRounds "10"]
[EventCountry "ESP"]
[SourceTitle "EXT 2014"]
[Source "ChessBase"]
[SourceDate "2013.11.20"]
[SourceVersion "1"]
[SourceVersionDate "2013.11.20"]
[SourceQuality "1"]

1. e4 c6 2. d4 d5 3. Nd2 dxe4 4. Nxe4 Nd7 5. Bc4 Ngf6 6. Ng5 e6 7. Qe2 Nb6 8. Bb3 Be7 9. N1f3 0-0 10. 0-0 a5 11. a4 Nbd5 12. Ne5 Qc7 13. c4 Nb4 14. Bf4 Qb6 15. Rfd1 Na6 16. Bc2 Nb4 17. Bb1 Qa6 18. Nxh7 Nxh7 19. Bxh7+ Kxh7 20. Qh5+ Kg8 21. Ra3 g6 22. Nxg6 Bf6 23. Rh3 1-0

[Event "Madrid-ch"]
[Site "Madrid"]
[Date "2012.11.15"]
[Round "8"]
[White "Maseda Iglesias, Luis"]
[Black "Sanchez Lucena, Juan"]
[Result "1-0"]
[WhiteElo "1741"]
[BlackElo "1411"]
[PlyCount "75"]
[EventDate "2012.11.05"]
[EventType "swiss"]
[EventRounds "9"]
[EventCountry "ESP"]
[SourceTitle "CBM 151 Extra"]
[Source "ChessBase"]
[SourceDate "2012.12.18"]
[SourceVersion "1"]
[SourceVersionDate "2012.12.18"]
[SourceQuality "1"]

1. d4 Nf6 2. Nf3 d5 3. e3 e6 4. Bd3 c5 5. b3 Nbd7 6. 0-0 a6 7. Nbd2 b5 8. c4 b4 9. a3 Bb7 10. axb4 dxc4 11. bxc4 cxd4 12. exd4 Bxb4 13. Ba3 a5 14. Qb3 Qe7 15. Bxb4 Qxb4 16. Qxb4 axb4 17. Rxa8+ Bxa8 18. Rb1 b3 19. Rxb3 0-0 20. h3 Bc6 21. Rb1 Rd8 22. Kf1 h6 23. Ke2 Kf8 24. Ke3 g5 25. Ne4 Nxe4 26. Bxe4 Bxe4 27. Kxe4 f5+ 28. Ke3 g4 29. hxg4 fxg4 30. Nd2 Nf6 31. Ne4 Nd7 32. g3 Ke7 33. Rb7 Ke8 34. c5 Nb8 35. Rh7 Nc6 36. Nd6+ Kf8 37. Rxh6 Kg7 38. Rxe6 1-0

[Event "Madrid-ch"]
[Site "Madrid"]
[Date "2012.11.12"]
[Round "5"]
[White "Maseda Iglesias, Luis"]
[Black "Veuthey Martinez, Eloy"]
[Result "1-0"]
[WhiteElo "1741"]
[BlackElo "1570"]
[PlyCount "73"]
[EventDate "2012.11.05"]
[EventType "swiss"]
[EventRounds "9"]
[EventCountry "ESP"]
[SourceTitle "CBM 151 Extra"]
[Source "ChessBase"]
[SourceDate "2012.12.18"]
[SourceVersion "1"]
[SourceVersionDate "2012.12.18"]
[SourceQuality "1"]

1. d4 d6 2. Nf3 Nf6 3. Nc3 Nbd7 4. e4 e5 5. Bc4 Be7 6. 0-0 0-0 7. h3 c6 8. a4 Nxe4 9. Nxe4 d5 10. Nxe5 Nxe5 11. dxe5 dxe4 12. Bf4 Qb6 13. b3 Bc5 14. a5 Qc7 15. c3 Bf5 16. b4 Be7 17. Qb3 Kh8 18. Bg3 Qd7 19. Rad1 Qe8 20. Rfe1 Bd8 21. Re2 Bc7 22. Red2 Bxe5 23. Bxe5 Qxe5 24. Bxf7 Qf6 25. Bc4 Qg5 26. Kh1 Rae8 27. Qa2 e3 28. fxe3 Rxe3 29. Rf2 Rfe8 30. Rdf1 Re1 31. Kh2 Rxf1 32. Rxf1 h5 33. Qf2 Be4 34. Re1 Qg6 35. Bf7 Qxg2+ 36. Qxg2 Bxg2 37. Rxe8+ 1-0

[Event "Alcudia Belleuve"]
[Site "Alcudia"]
[Date "2012.10.17"]
[Round "4.25"]
[White "Hernandez Delgado, Gabriel"]
[Black "Maseda Iglesias, Luis"]
[Result "1-0"]
[WhiteElo "1987"]
[BlackElo "1741"]
[PlyCount "77"]
[EventDate "2012.10.14"]
[EventType "swiss"]
[EventRounds "9"]
[EventCountry "ESP"]
[SourceTitle "EXT 2024"]
[Source "ChessBase"]
[SourceDate "2023.10.10"]
[SourceVersion "1"]
[SourceVersionDate "2023.10.10"]
[SourceQuality "1"]

1. b3 Nf6 2. Bb2 d5 3. e3 e6 4. Nf3 c5 5. Bb5+ Bd7 6. Be2 Nc6 7. 0-0 Bd6 8. d4 cxd4 9. exd4 Qc7 10. Na3 a6 11. c4 Qb8 12. c5 Bc7 13. Nc2 b6 14. cxb6 Qxb6 15. Ba3 Qb8 16. Bd3 Bd6 17. Bxd6 Qxd6 18. Qe2 Bc8 19. Rfc1 0-0 20. Ne5 Bb7 21. a3 Rfc8 22. b4 Ne7 23. Ne3 Ne4 24. Qb2 f6 25. Bxe4 dxe4 26. N5c4 Qd8 27. Na5 Bd5 28. Rc5 Rxc5 29. dxc5 Rb8 30. Qe2 Qc8 31. Nec4 Bxc4 32. Qxc4 f5 33. Rd1 Nd5 34. c6 Rb5 35. Nb3 Rb6 36. Nd4 g6 37. Rc1 Rb8 38. c7 Rb7 39. Nxe6 1-0

[Event "Alcudia Belleuve"]
[Site "Alcudia"]
[Date "2012.10.15"]
[Round "2.20"]
[White "Sanabria Macias, Anselmo"]
[Black "Maseda Iglesias, Luis"]
[Result "1-0"]
[WhiteElo "1935"]
[BlackElo "1741"]
[PlyCount "95"]
[EventDate "2012.10.14"]
[EventType "swiss"]
[EventRounds "9"]
[EventCountry "ESP"]
[SourceTitle "EXT 2024"]
[Source "ChessBase"]
[SourceDate "2023.10.10"]
[SourceVersion "1"]
[SourceVersionDate "2023.10.10"]
[SourceQuality "1"]

1. e4 c6 2. d4 d5 3. Nc3 dxe4 4. Nxe4 Nd7 5. Bc4 Ngf6 6. Ng5 e6 7. N1f3 Nb6 8. Bd3 h6 9. Ne4 Nxe4 10. Bxe4 Bd6 11. 0-0 0-0 12. b3 Qc7 13. Bb2 Nd7 14. Qe2 b6 15. Ne5 Nxe5 16. dxe5 Be7 17. Bd3 Bb7 18. Qe4 g6 19. Qe3 Kg7 20. a4 c5 21. Be4 Bxe4 22. Qxe4 Rad8 23. Rad1 Rxd1 24. Rxd1 Rd8 25. Rd6 Kh7 26. Rxd8 Qxd8 27. Qe2 Bg5 28. g3 Qd2 29. Qxd2 Bxd2 30. Kf1 a6 31. Ke2 Bg5 32. Kd3 Be7 33. Kc4 Kg8 34. Bc1 g5 35. Be3 Bd8 36. a5 bxa5 37. Kxc5 f5 38. exf6 Bxf6 39. Kb6 Bc3 40. Kxa6 Kf7 41. Kb5 Kf6 42. Bb6 Be1 43. f3 e5 44. Bxa5 Bxa5 45. Kxa5 g4 46. fxg4 e4 47. Kb4 Ke5 48. Kc4 1-0

[Event "Madrid Chamartin op 1st"]
[Site "Madrid"]
[Date "2012.09.13"]
[Round "7"]
[White "Lopez Ziegler, Carlos"]
[Black "Maseda Iglesias, Luis"]
[Result "1/2-1/2"]
[WhiteElo "1918"]
[BlackElo "1734"]
[PlyCount "48"]
[EventDate "2012.09.09"]
[EventType "swiss"]
[EventRounds "9"]
[EventCountry "ESP"]
[SourceTitle "CBM 150 Extra"]
[Source "ChessBase"]
[SourceDate "2012.10.19"]
[SourceVersion "1"]
[SourceVersionDate "2012.10.19"]
[SourceQuality "1"]

1. e4 c6 2. d4 d5 3. exd5 cxd5 4. Bd3 Nc6 5. c3 Qc7 6. Ne2 Bg4 7. f3 Bh5 8. Na3 a6 9. Bf4 e5 10. dxe5 Bxa3 11. bxa3 Nxe5 12. Bxe5 Qxe5 13. Qa4+ Kd8 14. Rd1 Nf6 15. 0-0 Kc7 16. c4 d4 17. Ng3 Bg6 18. Rfe1 Qc5 19. Qb4 Kc6 20. Re7 b6 21. Ne4 Nxe4 22. Bxe4+ Kd6 23. Bxa8 Kxe7 24. Bd5 Kd6 1/2-1/2

[Event "Madrid Chamartin op 1st"]
[Site "Madrid"]
[Date "2012.09.09"]
[Round "1"]
[White "Maseda Iglesias, Luis"]
[Black "Unciti Juan, Javier"]
[Result "0-1"]
[WhiteElo "1734"]
[BlackElo "2143"]
[PlyCount "60"]
[EventDate "2012.09.09"]
[EventType "swiss"]
[EventRounds "9"]
[EventCountry "ESP"]
[SourceTitle "CBM 150 Extra"]
[Source "ChessBase"]
[SourceDate "2012.10.19"]
[SourceVersion "1"]
[SourceVersionDate "2012.10.19"]
[SourceQuality "1"]

1. d4 e6 2. Nf3 d5 3. e3 c5 4. b3 Nf6 5. Bd3 Nc6 6. 0-0 cxd4 7. exd4 Bd6 8. Bb2 0-0 9. a3 Ne4 10. Qe2 f5 11. Nbd2 Bd7 12. Ne5 Nxe5 13. dxe5 Bc5 14. c4 Nxd2 15. Qxd2 dxc4 16. Bxc4 Qe8 17. b4 Bb6 18. Qd6 Rd8 19. Qd3 f4 20. Qh3 g6 21. Rad1 Rf5 22. Rd3 Rc8 23. Rfd1 Ba4 24. Bb3 Bxb3 25. Rxb3 Rc2 26. Rf1 f3 27. g4 Rf7 28. Qh6 Qc6 29. b5 Qd5 30. Rb4 Bxf2+ 0-1

[Event "Madrid Codes op 6th"]
[Site "Madrid"]
[Date "2012.06.10"]
[Round "9.13"]
[White "Maseda Iglesias, Luis"]
[Black "Juarez de Vena, Antonio"]
[Result "1-0"]
[WhiteElo "1781"]
[BlackElo "1618"]
[PlyCount "89"]
[EventDate "2012.04.15"]
[EventType "swiss"]
[EventRounds "9"]
[EventCountry "ESP"]
[SourceTitle "EXT 2024"]
[Source "ChessBase"]
[SourceDate "2023.10.10"]
[SourceVersion "1"]
[SourceVersionDate "2023.10.10"]
[SourceQuality "1"]

1. d4 Nf6 2. Nf3 g6 3. Nc3 d5 4. Bf4 a6 5. e3 Bg7 6. Be2 0-0 7. Ne5 Nbd7 8. 0-0 b5 9. Nc6 Qe8 10. Nb4 c5 11. Nbxd5 cxd4 12. exd4 Ra7 13. Bf3 Bb7 14. Re1 Nxd5 15. Nxd5 Bxd5 16. Bxd5 Nb6 17. Bf3 Qd7 18. c3 Rd8 19. Qe2 h5 20. Rad1 Qf5 21. Qe4 Qc8 22. Qc6 Nc4 23. Qxc8 Rxc8 24. Re2 a5 25. Rde1 e6 26. h4 b4 27. b3 Nb6 28. cxb4 axb4 29. Bd6 Bxd4 30. Bxb4 Bf6 31. g3 Nd7 32. Rb1 Ne5 33. Be4 Rd7 34. Rd2 Ra7 35. a4 Rb8 36. Bd6 Rd8 37. Bxe5 Rxd2 38. Bxf6 Rc7 39. a5 Re2 40. Rd1 Rc8 41. Bb7 Re8 42. a6 Rc2 43. b4 g5 44. hxg5 e5 45. Rd8 1-0

[Event "Madrid Codes op 6th"]
[Site "Madrid"]
[Date "2012.04.22"]
[Round "2.20"]
[White "Ortega Socorro, Alberto"]
[Black "Maseda Iglesias, Luis"]
[Result "0-1"]
[WhiteElo "1547"]
[BlackElo "1781"]
[PlyCount "56"]
[EventDate "2012.04.15"]
[EventType "swiss"]
[EventRounds "9"]
[EventCountry "ESP"]
[SourceTitle "EXT 2024"]
[Source "ChessBase"]
[SourceDate "2023.10.10"]
[SourceVersion "1"]
[SourceVersionDate "2023.10.10"]
[SourceQuality "1"]

1. e4 e6 2. d4 d5 3. Nc3 Nf6 4. e5 Nfd7 5. f4 c5 6. Nf3 Qb6 7. Na4 Qa5+ 8. c3 cxd4 9. b4 Qc7 10. Nxd4 a6 11. Bd2 Nc6 12. Bd3 Nb6 13. Nb2 Bd7 14. 0-0 Nxd4 15. cxd4 Bb5 16. Rc1 Qd7 17. Qe2 Be7 18. Qg4 g6 19. Rf3 Bxd3 20. Rxd3 0-0 21. a3 Rfc8 22. Rdc3 Rxc3 23. Rxc3 Rc8 24. Qf3 Nc4 25. Nxc4 dxc4 26. Qd1 Qxd4+ 27. Kh1 Rd8 28. h3 Qxc3 0-1

[Event "Mislata op-C 45th"]
[Site "Mislata"]
[Date "2011.08.17"]
[Round "4"]
[White "Maseda Iglesias, Luis"]
[Black "Garcia Requena, Joan"]
[Result "1/2-1/2"]
[WhiteElo "1851"]
[BlackElo "1741"]
[PlyCount "92"]
[EventDate "2011.08.15"]
[EventType "swiss"]
[EventRounds "9"]
[EventCountry "ESP"]
[SourceTitle "EXT 2014"]
[Source "ChessBase"]
[SourceDate "2013.11.20"]
[SourceVersion "1"]
[SourceVersionDate "2013.11.20"]
[SourceQuality "1"]

1. d4 Nf6 2. Nf3 c5 3. e3 cxd4 4. exd4 d6 5. Be2 g6 6. 0-0 Bg7 7. h3 0-0 8. Bg5 Qb6 9. Qc1 Nc6 10. c3 Re8 11. Nbd2 Bf5 12. Be3 Qc7 13. Re1 a6 14. a4 Na7 15. c4 Rac8 16. d5 Qd8 17. a5 Nxd5 18. Bd4 Nf4 19. Bf1 Bxd4 20. Nxd4 Bd3 21. g3 Bxf1 22. Rxf1 Nxh3+ 23. Kg2 Ng5 24. Rh1 e5 25. N4f3 Nxf3 26. Nxf3 f6 27. Qh6 Qe7 28. Nd2 Nc6 29. Ne4 Rc7 30. Nc3 Qg7 31. Qh3 Nd4 32. Nd5 Rf7 33. Nb6 Rd8 34. Nd5 Nf5 35. Rad1 Nd4 36. Ra1 h5 37. Ra3 Re8 38. Rd3 Qh6 39. g4 Qg5 40. f3 Ne2 41. Kf2 Nf4 42. Nxf4 exf4 43. gxh5 gxh5 44. Rg1 Re2+ 45. Kxe2 Qxg1 46. Kd2 Qf2+ 1/2-1/2

[Event "Madrid Codes Memorial 5th"]
[Site "Madrid"]
[Date "2011.05.22"]
[Round "6"]
[White "Rodriguez Vignote, Javier"]
[Black "Maseda Iglesias, Luis"]
[Result "1/2-1/2"]
[WhiteElo "1915"]
[BlackElo "1807"]
[PlyCount "37"]
[EventDate "2011.04.10"]
[EventType "swiss"]
[EventRounds "9"]
[EventCountry "ESP"]
[SourceTitle "EXT 2013"]
[Source "ChessBase"]
[SourceDate "2012.11.22"]
[SourceVersion "1"]
[SourceVersionDate "2012.11.22"]
[SourceQuality "1"]

1. d4 d5 2. c4 c6 3. Nf3 Nf6 4. e3 Bf5 5. Nc3 e6 6. Bd3 Bxd3 7. Qxd3 Nbd7 8. e4 dxe4 9. Nxe4 Bb4+ 10. Bd2 Bxd2+ 11. Nexd2 Qc7 12. 0-0 0-0 13. Rfe1 c5 14. dxc5 Nxc5 15. Qc2 Rfd8 16. Rad1 Rac8 17. Nf1 Rxd1 18. Rxd1 Rd8 19. Ne3 1/2-1/2

[Event "Madrid Codes Memorial 5th"]
[Site "Madrid"]
[Date "2011.05.15"]
[Round "5"]
[White "Hernandez Gutierrez, Jose"]
[Black "Maseda Iglesias, Luis"]
[Result "1/2-1/2"]
[WhiteElo "1892"]
[BlackElo "1807"]
[PlyCount "102"]
[EventDate "2011.04.10"]
[EventType "swiss"]
[EventRounds "9"]
[EventCountry "ESP"]
[SourceTitle "EXT 2013"]
[Source "ChessBase"]
[SourceDate "2012.11.22"]
[SourceVersion "1"]
[SourceVersionDate "2012.11.22"]
[SourceQuality "1"]

1. e4 e6 2. d4 d5 3. Nd2 c5 4. exd5 Qxd5 5. Ngf3 cxd4 6. Bc4 Qd6 7. 0-0 Nf6 8. Nb3 Nc6 9. Nbxd4 Nxd4 10. Nxd4 Qc7 11. Qe2 a6 12. Bg5 Be7 13. Rae1 0-0 14. Nf5 Nd5 15. Nxe7+ Nxe7 16. Bxe7 Qxe7 17. Qg4 Rb8 18. Bd3 g6 19. Qf4 Bd7 20. h4 h5 21. Re3 Rbc8 22. Rg3 e5 23. Qh6 e4 24. Re1 Qxh4 25. Rxe4 Qf6 26. Qxh5 Kg7 27. Qe5 Qxe5 28. Rxe5 Rfe8 29. Rge3 Be6 30. f4 Red8 31. a3 Bc4 32. Re7 Bxd3 33. Rxd3 Rxd3 34. cxd3 b5 35. Kf2 Kf6 36. Re2 Rc6 37. g4 Rd6 38. Ke3 Re6+ 39. Kf3 Rd6 40. g5+ Kg7 41. Ke3 f5 42. Kd2 Kf7 43. Re5 Rc6 44. b4 Rc7 45. Rc5 Re7 46. Rc6 Re6 47. Rxe6 Kxe6 48. Kc3 Kd5 49. Kc2 Kd6 50. Kb2 Ke6 51. Kb3 Kd6 1/2-1/2

[Event "Madrid-ch Previa-A"]
[Site "Madrid"]
[Date "2010.11.25"]
[Round "9"]
[White "Maseda Iglesias, Luis"]
[Black "Lucia Carpintero, Oscar"]
[Result "1-0"]
[WhiteElo "1787"]
[BlackElo "1668"]
[PlyCount "45"]
[EventDate "2010.11.10"]
[EventType "swiss"]
[EventRounds "9"]
[EventCountry "ESP"]
[SourceTitle "EXT 2012"]
[Source "ChessBase"]
[SourceDate "2011.11.24"]
[SourceVersion "1"]
[SourceVersionDate "2011.11.24"]
[SourceQuality "1"]

1. d4 Nf6 2. Nf3 e6 3. e3 c5 4. Bd3 cxd4 5. exd4 Be7 6. 0-0 d5 7. b3 Nc6 8. Bb2 0-0 9. a3 Re8 10. Nbd2 Bd6 11. Ne5 Nd7 12. Bxh7+ Kf8 13. Nxd7+ Bxd7 14. Bd3 Qf6 15. Nf3 Ke7 16. Re1 Rh8 17. Ne5 Qh4 18. Nxc6+ bxc6 19. h3 Rh6 20. Bc1 g5 21. Qg4 Qxg4 22. hxg4 Rah8 23. Bxg5+ 1-0

[Event "Madrid San Viator op 15th"]
[Site "Madrid"]
[Date "2010.10.03"]
[Round "2.7"]
[White "Maseda Iglesias, Luis"]
[Black "Barajas Fernandez, Helios"]
[Result "1/2-1/2"]
[WhiteElo "1792"]
[BlackElo "1976"]
[PlyCount "45"]
[EventDate "2010.09.26"]
[EventType "swiss"]
[EventRounds "9"]
[EventCountry "ESP"]
[SourceTitle "EXT 2024"]
[Source "ChessBase"]
[SourceDate "2023.10.10"]
[SourceVersion "1"]
[SourceVersionDate "2023.10.10"]
[SourceQuality "1"]

1. d4 Nf6 2. Nf3 e6 3. e3 b6 4. Bd3 Bb7 5. 0-0 Be7 6. Nbd2 d5 7. b3 0-0 8. Bb2 Nbd7 9. Ne5 Nxe5 10. dxe5 Nd7 11. f4 h6 12. Qg4 Nc5 13. f5 Bg5 14. f6 Nxd3 15. cxd3 Bxe3+ 16. Kh1 g6 17. Nf3 d4 18. Bc1 Bxc1 19. Raxc1 h5 20. Qf4 Kh7 21. Ng5+ Kg8 22. Nf3 Kh7 23. Ng5+ 1/2-1/2

[Event "Mislata op-C"]
[Site "Mislata"]
[Date "2010.08.19"]
[Round "6"]
[White "Maseda Iglesias, Luis"]
[Black "Folch Fuentes, Eva"]
[Result "1-0"]
[WhiteElo "1792"]
[BlackElo "1627"]
[PlyCount "69"]
[EventDate "2010.08.16"]
[EventType "swiss"]
[EventRounds "9"]
[EventCountry "ESP"]
[SourceTitle "EXT 2012"]
[Source "ChessBase"]
[SourceDate "2011.11.24"]
[SourceVersion "1"]
[SourceVersionDate "2011.11.24"]
[SourceQuality "1"]

1. d4 Nf6 2. c4 c5 3. d5 b5 4. cxb5 Qa5+ 5. Nc3 Bb7 6. Bd2 d6 7. e4 Nbd7 8. Nf3 g6 9. a4 Bg7 10. Rb1 0-0 11. Bd3 Qc7 12. b3 Ng4 13. 0-0 Nge5 14. Nxe5 Nxe5 15. Bc4 Kh8 16. Ne2 e6 17. Bc3 Qe7 18. f4 exd5 19. Bxd5 Bxd5 20. Qxd5 Ng4 21. Bxg7+ Kxg7 22. Qd3 Rae8 23. Nc3 Nf6 24. Rbe1 Qd7 25. Nd5 Nxd5 26. Qxd5 Qe6 27. Qd3 Qd7 28. Rd1 Qe7 29. Rfe1 Rd8 30. Qc3+ Kg8 31. Rd5 Rfe8 32. b4 cxb4 33. Qxb4 f5 34. e5 Qe6 35. Red1 1-0

[Event "Mislata op-C"]
[Site "Mislata"]
[Date "2010.08.18"]
[Round "4"]
[White "Maseda Iglesias, Luis"]
[Black "Montoya Hernandez, Ramon"]
[Result "1-0"]
[WhiteElo "1792"]
[BlackElo "1616"]
[PlyCount "71"]
[EventDate "2010.08.16"]
[EventType "swiss"]
[EventRounds "9"]
[EventCountry "ESP"]
[SourceTitle "EXT 2012"]
[Source "ChessBase"]
[SourceDate "2011.11.24"]
[SourceVersion "1"]
[SourceVersionDate "2011.11.24"]
[SourceQuality "1"]

1. d4 f5 2. Nc3 d5 3. Nf3 Nf6 4. Bf4 c6 5. e3 g6 6. Be5 Bg7 7. h4 Nbd7 8. Bxf6 Nxf6 9. Ne5 Qc7 10. Be2 Nd7 11. f4 Nxe5 12. dxe5 h5 13. Bd3 Qb6 14. Qc1 d4 15. exd4 Qxd4 16. Ne2 Qb6 17. c3 Be6 18. Nd4 Bd5 19. Qd2 0-0-0 20. b4 Rhe8 21. a4 a6 22. 0-0 a5 23. Rfb1 axb4 24. Kh2 c5 25. Nb5 Be4 26. a5 Qe6 27. Qf2 Bc6 28. Na7+ Kc7 29. Nxc6 Qxc6 30. Qe2 Qd5 31. Bb5 b3 32. Bxe8 Rxe8 33. Qb5 Bh6 34. Qxe8 Bxf4+ 35. Kh1 Qxe5 36. Rd1 1-0